| 000 | 00865nam a2200217 a 4500 | ||
|---|---|---|---|
| 001 | 47211 | ||
| 003 | BD-RjUL | ||
| 005 | 20211209054257.0 | ||
| 008 | 160807s1968 bg ||||| |||| 00| 0 ben d | ||
| 035 | _a(BD-RjUL)47330 | ||
| 040 |
_aBD-RjUL _bben _cBD-RjUL _dBD-RjUL |
||
| 041 | _aben | ||
| 082 |
_223 _a330.9 _bSAA 1968 |
||
| 100 |
_aসরকার, ওয়াজেদ আলী _9143754 |
||
| 245 | 1 | 0 |
_aআমাদের অর্থনৈতিক সমস্যা / _cওয়াজেদ আলী সরকার, |
| 260 |
_aঢাকা : _bনওরোজ কিতাবিস্তান, _c১৯৬৮. |
||
| 300 |
_a[৮], ১৩৩ পৃ. ; _c২৬ সেমি. |
||
| 650 |
_aঅর্থনৈতিক পরিস্থিতি ও পরিবেশ _9136409 |
||
| 650 |
_aEconomic Situation and Conditions _9119667 |
||
| 942 |
_2ddc _cBK |
||
| 999 |
_c47211 _d47211 |
||